LEADER 00870nam a2200217 i 4500 001 000000099141 003 CaOOAMICUS 005 20090203000000.0 008 090203s1971 xx u000 u und u 013 $a71293 040 $aSeMil$bita 100 1 $aCox, Harvey Gallagher,$d<1929- >.$0(OLS)http://semarc/name/21932 245 13$aLa festa dei folli. Saggio teologico sulla festività e la fantasia. 260 $aMilano :$bBompiani,$c1971. 300 $a130 p. 650 4$aFeste.$0(OLS)http://semarc/subject/16284 650 4$aFantasia.$0(OLS)http://semarc/subject/16019 850 $aSeMil 852 $aSeMil$W1$xVenegono$y1$m86 7 11 *$j56756$B56756$CSeMilBibl$Z2$F66652 $81 996 $6245$aLa festa dei folli. Saggio teologico sulla festività e la fantasia$9(OLS)http://semarc/title/146759 996 $6260$aMilano :$bBompiani$9(OLS)http://semarc/publisher/29706 LEADER 01364nam a2200313 i 4500 001 000000210021 003 CaOOAMICUS 005 20120110000000.0 008 120110s2008 it u000 u eng u 013 $a188813 020 $a978-0-8264-2890-5 040 $aSeMil$bita 100 1 $aO'Malley, John William,$c.$0(OLS)http://semarc/name/32984 245 10$aVatican 2. :$bdid anything happen? /$cJohn W. O'Malley ... [et al.]. 260 $aLondon ; New York :$bContinuum,$c2008. 300 $av, 186 p. ;$c22 cm. 650 4$aConcilio Vaticano II <1962-1965>.$0(OLS)http://semarc/subject/283 650 4$aConcilio Vaticano II <1962-1965> - Ermeneutica.$0(OLS)http://semarc/subject/9781 774 0 $tIntroduction.$w()318891 774 0 $tVatican II as an "Event".$w()318892 774 0 $tVatican II.$w()318893 774 0 $aSchloesser, Stephen$tAgainst Forgetting.$w()318894 774 0 $aOrmerod, Neil J.$tTime they are a-changin".$w()318895 850 $aSeMil 852 $aSeMil$W1$xVenegono$y1$m2A IV 448$j160472$B160472$CSeMilBibl$Z2$F171980 $81 961 $aOmaggio: Bressan don Luca 996 $6020$a978-0-8264-2890-5$9(OLS)http://semarc/number/204859 996 $6245$aVatican 2. :$bdid anything happen?$9(OLS)http://semarc/title/303647 996 $6260$aLondon ; New York :$bContinuum$9(OLS)http://semarc/publisher/38159